000 00643nam a2200253 a 4500
001 nice12345678
003 IN_TiNIC
005 20260116012524.0
008 080522s1969 meea grp 000 0 eng
020 _a
_c50
082 0 0 _a323.154
_bKAR
100 _aKarunakaran, K P
245 _aReligion and Political Awakening in India
260 _aMeerut
_bMeenakshi Pub
_c1969
300 _a236p
500 _aincludes index and biblioraphy
505 2 _aBiblio, Index
650 _aReligion and Politics
650 _aIndia-Religion and Politics
700 1 _aKarunakaran, K P
902 _bSRS
942 _cBK
999 _c7343
_d7343